Statistics for 10 Biggest Cities in Order: Taiwan

Click here to take the quiz!

General Stats

  • This quiz has been taken 43 times
  • The average score is 4 of 10

Answer Stats

# Answer % Correct
1New Taipei
100%
2Kaohsiung
56%
3Taichung
41%
6Tainan
36%
4Taipei
33%
5Taoyuan
21%
8Keelung
21%
9Chiayi
21%
7Hsinchu
18%
10Changhua
15%

Score Distribution

Percentile by Number Answered

Percent of People with Each Score

Your Score History

You have not taken this quiz